| 000 | 01432nam0a2200337 4500 | ||
|---|---|---|---|
| 001 | RU\NLR\BIBL_A\012084121 | ||
| 005 | 20191028142617.0 | ||
| 010 |
_a978-5-16-015250-9 _bprint |
||
| 010 |
_a978-5-16-107722-1 _bonline _9500 |
||
| 021 |
_aRU _bКН-П-19-055157 _9КН-П-19-3961 |
||
| 035 | _a(NLR Aleph) 012084121 | ||
| 035 | _a(RuMoRGB)010051477 | ||
| 090 |
_a11819130 _c11819130 |
||
| 100 | _a20190830d2019 k y0rusy50 ca | ||
| 101 | 0 | _arus | |
| 102 | _aRU | ||
| 105 | _ay|||z|||000zy | ||
| 200 | 1 |
_aВзаимодействие педагогической науки и системы отечественного образования как управляемый процесс _eмонография _fЯ. С. Турбовской |
|
| 210 |
_aМосква _cИНФРА-М _d2019 |
||
| 215 |
_a275 с. _d22 |
||
| 225 | 1 |
_aНаучная мысль _iОбразование |
|
| 300 | _aНа обороте тит.л. авт.: Турбовский Я. С. - д-р пед. наук, проф. | ||
| 320 | _aБиблиогр.: с. 266-275 (114 назв.) и в подстроч. примеч. | ||
| 606 | 1 |
_aОбразование _2nlr_sh2 _3RU\NLR\AUTH\661010307 |
|
| 686 | 1 | _aЧ34(2) | |
| 700 | 1 |
_aТурбовской _bЯ. С. _f1931- _gЯков Семенович |
|
| 942 | _cBOOK | ||
| 980 | _aNBR | ||
| 980 | _aNB | ||